00486 a2200169 4500010001400000020002600014035001300040037001500053082001100068100001700079245006600096250001300162260004500175270004800220300002700268500002100295 aENG-89745 c175.00a9788120334670 aEN-73278 bDBAD / PUB14a515.351 aMondal, C.R.1 aTextboook of ordinary differential equations/cby C.R. Mondal arev. ed. aNew DelhibPrentice- Hall of Indiac2008 aM-97, Connaught Circus,bNew Delhie110 001 ax, 185p.c24 cm (pbk) aIncludes index.